Fondo documental Real Hacienda (Registro nro. 304585)

Detalles MARC
000 -ENCABEZADO
Número de control [NR] 01003nam a2200241 4500
005 - FECHA Y HORA DE LA ÚLTIMA TRANSACCIÓN
control field 20160907161940.0
008 - DE LONGITUD FIJA DE DATOS DE ELEMENTOS - INFORMACIÓN GENERAL
Elementos de longitud fija [NR] 160907| ck |||||||||| 00| 0 spa d
040 ## - FUENTE DE CATALOGACION [NR]
Agencia de catalogación original [NR] CO-BoUCM
Idioma de catalogación [NR] spa
Quien Cataloga Sandra Yazo
Quien Clasifica Sandra Yazo
041 0# - CODIGO DE IDIOMA [R]
Código de idioma para texto/pista de sonido o título separado [R] Francés
082 ## - NUMERO DE CLASIFICACION DECIMAL DEWEY [R]
Número de la edición [NR] 20
Número de clasificación [R] 017
092 ## - SIGNATURA TOPOGRAFICA LOCAL
Número de clasificación local E63N054
110 2# - ASIENTO PRINCIPAL--NOMBRE CORPORATIVO [NR]
ID de autoridad 3870
Nombre corporativo o de jurisdicción como elemento de entrada [NR] Archivo General de la Nación (Colombia)
245 10 - MENCION DE TITULO [NR]
Título [NR] Fondo documental Real Hacienda
Parte restante del título [NR] Cartas
Mención de responsabilidad, etc. [NR] Archivo General de la Nacion ; ADAI
260 ## - PUBLICACION, DISTRIBUCION, ETC. (PIE DE IMPRENTA) [R]
Lugar de publicación, distribución, etc. [R] [Lugar desconocido]
Nombre del editor, distribuidor, etc. [R] [Editorial desconocida]
Fecha de publicación, distribución, etc. [R] [fecha desconocida]
300 ## - DESCRIPCION FISICA [R]
Extensión [R] 1 CD ; 2 hojas pliego ; 1 postal
Dimensiones [R] 29 x 21 cm
500 ## - NOTA GENERAL [R]
Nota general [NR] Detalles físicos: Detalles físicos: Caja en cartón con CD Multimedia (Winisis), hojas plegadas con ilustraciones y postal
506 ## - NOTA DE RESTRICCIONES DE ACCESO [R]
Condiciones de acceso [NR] Consulta en sala
650 #7 - ASIENTO SECUNDARIO DE MATERIA - TERMINO TEMATICO [R]
9 (RLIN) 9325
Término temático o nombre geográfico como elemento de entrada [NR] Archivos históricos
Subdivisión general [R] Índices
650 #7 - ASIENTO SECUNDARIO DE MATERIA - TERMINO TEMATICO [R]
9 (RLIN) 16683
Término temático o nombre geográfico como elemento de entrada [NR] Haciendas
Subdivisión geográfica [R] Cundinamarca (Colombia)
690 ## - ASUNTO AGREGADO LOCAL DE ENTRADA - TÉRMINO TEMÁTICO (OCLC, RLIN)
Acceso temático local Geografía de Colombia
9 (RLIN) 16341
710 2# - ASIENTO SECUNDARIO - NOMBRE CORPORATIVO [R]
Nombre corporativo o de jurisdicción como elemento de entrada [NR] ADAI Cooperación Iberoamericana
9 (RLIN) 79711
942 ## - ELEMENTOS DE ENTRADA AGREGADOS (KOHA)
Sistema de clasificación LOCAL
Tipo de ítem principal el descrito en 300a Libro
Edición 1
Clasificación E63N054
Existencias
Suprimido Perdido Sistema de clasificación Dañado No prestable Tipo de ítem específico Ubicación habitual Ubicación actual Localización Fecha de creación Forma de adquisición Costo Total préstamos Signatura topográfica Código de barras Última vez visto Ejemplar Price effective from Tipo de ítem
    LOCAL     CD-Rom Archivo Histórico Archivo Histórico Archivo histórico 07/09/2016 Donación 0.00   E63N054 L005850 07/09/2016 Ej.1 07/09/2016 Libro